000 00577cam a2200193 4500500
005 20260329004340.0
041 _afre
042 _adc
100 1 0 _aEnjalbert, Cédric
_eauthor
245 0 0 _aMerkel tremble, pas les Allemands
260 _c2019.
500 _a79
690 _aAllemagne
690 _aAngela Merkel
690 _aDémocratie
690 _aInstitution
786 0 _nPhilosophie magazine | 132 | 9 | 2019-09-01 | p. 10-10 | 1951-1787
856 4 1 _uhttps://shs.cairn.info/magazine-philosophie-magazine-2019-9-page-10?lang=fr&redirect-ssocas=7080
999 _c1833053
_d1833053